000 00480nam a2200157 i 4500
001 49996
003 ES-MaACL
005 20230906162111.0
007 t|
008 030728s1950 sp ||||1| spa d
100 1 _aCreus y Manso, Antonio.
_941577
245 1 0 _aCompendio del Ordenamiento Jurídico de los arrendamientos rústicos /
_cAntonio Creus y Manso.
260 _aBarcelona :
_bArca,
_c1950 (
_fAltés)
300 _a199 p. ;
_c19 cm.
852 _aES-MaACL
_jD-7859
_bR.32159
999 _c49996
_d49996